000 00397nam a22001577a 4500
005 20180519114532.0
008 170401b xxu||||| |||| 00| 0 eng d
020 _a978-81-219-28052
041 _aeng
082 _a515.45
100 _aRAISINGANIA,DR M.D
_93806
245 _aINTERAL EQUATIONS AND BOUNDARY VALVE PROBLEMS
260 _bS CHAND
_c1988
650 _aENGINEERING
_94301
942 _cBK
999 _c5407
_d5405